| 000 | 01233nam0a22002891 4500 | ||
|---|---|---|---|
| 001 | rc\3561489 | ||
| 005 | 20260407162518.0 | ||
| 021 |
_aRU _b76-39360 |
||
| 021 |
_aRU _bРг8383-76 |
||
| 035 | _a(NLR Aleph) 007686018 | ||
| 090 |
_a6589924 _c6589924 |
||
| 100 | _a20130115d1976 |||y0rusy50 ca | ||
| 101 | 0 | _arus | |
| 102 | _aRU | ||
| 105 | _aac z ||||| | ||
| 200 | 1 |
_a[Краткий обзор деятельности института] _fРед. коллегия: чл.-кор. АМН СССР проф. Н.Н. Кипшидзе [и др.] _gМ-во здрав. ГССР. НИИ эксперим. и клинич. терапии |
|
| 210 |
_aТбилиси _cСабчота Сакартвело _d1976 |
||
| 215 |
_a[74] с. _cил., портр. _d22 |
||
| 300 | _aРезюме на англ. яз. | ||
| 532 | 1 | 3 | _aКраткий обзор деятельности института |
| 702 | 1 |
_aКипшидзе _bН.Н. _gНодар Николаевич _4340 |
|
| 710 | 0 | 2 |
_aНИИ экспериментальной и клинической терапии _cТбилиси _9702886 _3RU\NLR\AUTH\8810100940 |
| 801 | 0 |
_aRU _bNLR _gpsbo |
|
| 801 | 1 |
_aRU _bELAR _2rusmarc |
|
| 852 |
_aNLR _j76-6/5143 |
||
| 942 | _cBOOK | ||
| 980 | _aNB | ||